LDR 00677naa#a2200157#i#450# 001 RU\\bibl\103390 005 20260701195801.3 011 ## _a2542-1840 100 ## _a20260630b2026####ek#y0rusy0150####ca 102 ## _aRU 200 1# _aРазработка оценочных средств по дисциплине «Иностранный язык» для аспирантов _eЖурнальная статья 210 1# _aКемерово _cКемеровский государственный университет _d2026 215 ## _a8 с. 608 ## _aЖурнальная статья _2local 700 #1 _aФедорова _gНаталия Юрьевна 856 4# _ajstrategizing.kemsu.ru _u